000 00423nam a22001697a 4500
003 OSt
008 190523b ||||| |||| 00| 0 eng d
020 _a9789387307391
020 _a9387307395
082 _a630
_bPAN/AG
100 _aPanigrahy, Shakti Ranjan.
245 _aAgro - Entrepreneurship
260 _aJodhpur
_bScientific Publishers
_c2017
300 _a213 p.
700 _aBaljeet, Singh
_94150
942 _cBK
999 _c15657
_d15657